[Event "Scarborough CC Late Fall Swiss"]
[Site "Toronto CAN"]
[Date "2006.11.23"]
[Round "4"]
[White "Gillis, Doug"]
[Black "Arfin, Sam"]
[Result "1-0"]
[WhiteElo "1418"]
[BlackElo "1330"]
[PlyCount "61"]
[EventDate "2006.11.02"]
[EventType "swiss"]
[EventRounds "8"]
[EventCountry "CAN"]

1. e4 e6 2. d4 d5 3. e5 Ne7 4. Bg5 c5 5. dxc5 Qa5+ 6. Nc3 Qxc5 7. Nf3 Nbc6 8.
Be2 Ng6 9. Bb5 Qb6 10. O-O Bb4 11. Be3 Qc7 12. Qd4 Bxc3 13. Qxc3 O-O 14. Bc5
Rd8 15. Bd6 Qb6 16. Bxc6 Qxc6 17. Qd3 f6 18. Rfe1 Nf4 19. Qd2 Ng6 20. h4 fxe5
21. Bxe5 Nxe5 22. Rxe5 Re8 23. Rae1 Bd7 24. h5 h6 25. R5e3 Qb6 26. Ne5 Rad8 27.
Rg3 Kh7 28. Qd3+ Kg8 29. Rxg7+ Kxg7 30. Qg6+ Kh8 31. Nf7# 1-0

[Event "Scarborough CC Late Fall Swiss"]
[Site "Toronto CAN"]
[Date "2006.11.23"]
[Round "4"]
[White "Guo, Joshua"]
[Black "Roe, Jim"]
[Result "1-0"]
[WhiteElo "2077"]
[BlackElo "1548"]
[PlyCount "123"]
[EventDate "2006.11.02"]
[EventType "swiss"]
[EventRounds "8"]
[EventCountry "CAN"]

1. e4 e6 2. d4 d5 3. Nd2 Nc6 4. Ngf3 Bd7 5. e5 f6 6. exf6 Nxf6 7. c4 Bd6 8. c5
Be7 9. Bb5 O-O 10. O-O Be8 11. Re1 Qc8 12. Qe2 Nd8 13. Bd3 Nh5 14. Nf1 Nf4 15.
Bxf4 Rxf4 16. Ng3 Rf8 17. Ne5 Bf6 18. Rad1 Nc6 19. Nxc6 Bxc6 20. Qxe6+ Qxe6 21.
Rxe6 Bxd4 22. Bxh7+ Kxh7 23. Rxd4 Rae8 24. Re3 Rxe3 25. fxe3 Rf7 26. Ne2 Bb5
27. Rf4 Re7 28. Kf2 Bxe2 29. Kxe2 g6 30. Kd3 c6 31. h4 Kg7 32. b4 a6 33. a4 Rd7
34. g4 Re7 35. b5 axb5 36. axb5 Re6 37. b6 Re7 38. e4 dxe4+ 39. Rxe4 Rf7 40.
Re6 Rd7+ 41. Ke4 Kh7 42. Kf4 Kg7 43. Rd6 Re7 44. h5 gxh5 45. gxh5 Rf7+ 46. Ke5
Re7+ 47. Re6 Rd7 48. Rg6+ Kf7 49. Rf6+ Ke8 50. Kf5 Rd1 51. Rh6 Rd5+ 52. Ke6 Kf8
53. Rh7 Rxc5 54. h6 Kg8 55. Rxb7 Rb5 56. Rg7+ Kh8 57. b7 c5 58. Rc7 c4 59. Rc8+
Kh7 60. b8=Q Rxb8 61. Rxb8 Kxh6 62. Rc8 1-0

[Event "Scarborough CC Late Fall Swiss"]
[Site "Toronto CAN"]
[Date "2006.11.23"]
[Round "4"]
[White "Hall, John"]
[Black "Paterson, Jim"]
[Result "1/2-1/2"]
[WhiteElo "2029"]
[BlackElo "1828"]
[PlyCount "109"]
[EventDate "2006.11.02"]
[EventType "swiss"]
[EventRounds "8"]
[EventCountry "CAN"]

1. d4 e6 2. c4 Nf6 3. Nc3 Bb4 4. Nf3 c5 5. g3 O-O 6. Bg2 d5 7. cxd5 Nxd5 8. Bd2
Nc6 9. Nxd5 Bxd2+ 10. Qxd2 Qxd5 11. dxc5 Qxc5 12. Rc1 Qe7 13. O-O Bd7 14. Rfd1
Rfd8 15. Qe3 Be8 16. Rxd8 Rxd8 17. Ne5 Nxe5 18. Qxe5 b6 19. Bf3 f6 20. Rc7 Rd7
21. Rxd7 Qxd7 22. Qb8 Kf7 23. Bh5+ g6 24. Bf3 Qa4 25. Kg2 Qd7 26. Bb7 a5 27.
Bf3 Qb5 28. Qc7+ Bd7 29. h4 h5 30. b3 Ke7 31. Qf4 Qf5 32. Qh6 e5 33. Qg7+ Kd6
34. e4 Qh3+ 35. Kg1 Bb5 36. Qxf6+ Qe6 37. Qd8+ Kc5 38. Qc7+ Kb4 39. Qc2 Ka3 40.
Bd1 Qc6 41. Qb1 Qc3 42. Bc2 Qd2 43. Kg2 Be2 44. b4 Qxb4 45. Qc1+ Kxa2 46. Qe3
Bc4 47. Bd3 Bxd3 48. Qxd3 a4 49. Qd5+ Qb3 50. Qxe5 a3 51. Qd4 Kb1 52. e5 a2 53.
Qe4+ Qc2 54. Qb4+ Kc1 55. Qa3+ 1/2-1/2

[Event "Scarborough CC Late Fall Swiss"]
[Site "Toronto CAN"]
[Date "2006.11.23"]
[Round "4"]
[White "Ismail, Nayyir"]
[Black "Douglas, Richard"]
[Result "0-1"]
[WhiteElo "931"]
[BlackElo "1689"]
[PlyCount "78"]
[EventDate "2006.11.02"]
[EventType "swiss"]
[EventRounds "8"]
[EventCountry "CAN"]

1. e4 Nf6 2. Nc3 d5 3. exd5 Nxd5 4. Nxd5 Qxd5 5. Nf3 Nc6 6. d3 Bg4 7. Be2 Qd7
8. Bf4 O-O-O 9. Qd2 f6 10. O-O-O e5 11. Bg3 Be6 12. Rhe1 Bxa2 13. Ng1 Kb8 14.
h3 Bb4 15. c3 Bd6 16. Bf3 Bb3 17. Bg4 Qe7 18. Nf3 Bxd1 19. Rxd1 g6 20. h4 h5
21. Bh3 Bc5 22. Re1 Na5 23. Qe2 Qf7 24. Nd2 Bd6 25. Ne4 Rhe8 26. c4 Bb4 27. Rd1
Nb3+ 28. Kb1 Nd4 29. Qe3 Nc6 30. f3 Qg7 31. Be1 Bxe1 32. Rxe1 f5 33. Nc5 Qe7
34. Rd1 Nd4 35. Na4 Qb4 36. b3 Qxb3+ 37. Nb2 Qc2+ 38. Ka1 Rd6 39. Qd2 Ra6+ 0-1

[Event "Scarborough CC Late Fall Swiss"]
[Site "Toronto CAN"]
[Date "2006.11.23"]
[Round "4"]
[White "Lourie, Bill"]
[Black "Graham, John"]
[Result "0-1"]
[WhiteElo "1219"]
[BlackElo "1432"]
[PlyCount "116"]
[EventDate "2006.11.02"]
[EventType "swiss"]
[EventRounds "8"]
[EventCountry "CAN"]

1. Nf3 Nc6 2. d4 d5 3. e3 g6 4. b3 Bg7 5. Bb2 Bd7 6. Nbd2 e6 7. a3 Nce7 8. Bd3
c5 9. O-O Nc6 10. c4 Nge7 11. Qe2 O-O 12. Ne5 cxd4 13. Nxc6 Bxc6 14. exd4 dxc4
15. bxc4 Bxd4 16. Bxd4 Qxd4 17. Nb3 Qd7 18. Rad1 Qc7 19. Qe3 Ba4 20. Rb1 Rfd8
21. Nc5 Bc6 22. Rfd1 b6 23. Ne4 Kg7 24. g3 Nf5 25. Qg5 Bxe4 26. Bxe4 Rxd1+ 27.
Rxd1 Rc8 28. Bxf5 exf5 29. Rc1 Qc5 30. Qd2 Qxa3 31. Qd4+ Kg8 32. Re1 Qc5 33.
Qxc5 Rxc5 34. Re8+ Kg7 35. Ra8 Rc7 36. Kf1 Kf6 37. h4 h5 38. Ke2 Rd7 39. f4 Ke6
40. Rc8 Kd6 41. Kd3 Rc7 42. Rd8+ Kc5 43. Kc3 a5 44. Rd5+ Kc6 45. Kb3 Kb7 46.
Rd6 a4+ 47. Kxa4 Rxc4+ 48. Kb5 Rc5+ 49. Kb4 Rc6 50. Rd7+ Rc7 51. Rd6 Ka6 52.
Rd5 Re7 53. Kc4 Re4+ 54. Kd3 Ra4 55. Rd7 Ra3+ 56. Kd4 Rxg3 57. Rxf7 Rg4 58. Ke5
Rxh4 0-1

[Event "Scarborough CC Late Fall Swiss"]
[Site "Toronto CAN"]
[Date "2006.11.23"]
[Round "4"]
[White "Morra, Lui"]
[Black "Bellomo, Joe"]
[Result "0-1"]
[WhiteElo "1538"]
[BlackElo "1662"]
[PlyCount "58"]
[EventDate "2006.11.02"]
[EventType "swiss"]
[EventRounds "8"]
[EventCountry "CAN"]

1. e4 c5 2. Nf3 d6 3. Bb5+ Bd7 4. Bc4 e6 5. a4 Nf6 6. Qe2 Nc6 7. c3 Be7 8. d4
cxd4 9. cxd4 O-O 10. Nc3 Rc8 11. O-O Na5 12. Ba2 a6 13. e5 Ne8 14. d5 exd5 15.
Nxd5 Be6 16. Be3 Bxd5 17. Bxd5 dxe5 18. Rfd1 Qc7 19. Rab1 Nc6 20. Be4 Nf6 21.
Bf5 Rcd8 22. Rxd8 Rxd8 23. Bg5 Qa5 24. b3 Qb4 25. Nxe5 Nxe5 26. Qxe5 Qxb3 27.
h4 Rd1+ 28. Rxd1 Qxd1+ 29. Kh2 Bd6 0-1

[Event "Scarborough CC Late Fall Swiss"]
[Site "Toronto CAN"]
[Date "2006.11.23"]
[Round "4"]
[White "Rapoport, Alexander"]
[Black "Mesiti, Silvano"]
[Result "0-1"]
[WhiteElo "1917"]
[BlackElo "1633"]
[PlyCount "64"]
[EventDate "2006.11.02"]
[EventType "swiss"]
[EventRounds "8"]
[EventCountry "CAN"]

1. d4 d5 2. e3 Nc6 3. f4 Bf5 4. c3 Nf6 5. Nf3 e6 6. Bd3 Bxd3 7. Qxd3 Be7 8.
Nbd2 O-O 9. O-O Nd7 10. e4 f5 11. exd5 exd5 12. Ne5 Bd6 13. Ndf3 Ne7 14. Ng5
Rf6 15. Be3 h6 16. Ngf3 c6 17. Rae1 Qc7 18. Bf2 Re6 19. c4 Nf6 20. c5 Bxe5 21.
Nxe5 Ne4 22. h3 Rf8 23. Be3 Ng6 24. b4 Nxe5 25. fxe5 g5 26. g4 f4 27. Bf2 Qh7
28. Kg2 h5 29. Rh1 Rh6 30. gxh5 Rxh5 31. Reg1 f3+ 32. Kf1 Ng3+ 0-1

[Event "Scarborough CC Late Fall Swiss"]
[Site "Toronto CAN"]
[Date "2006.11.23"]
[Round "4"]
[White "Termeer, Ted"]
[Black "Garel, Rick"]
[Result "0-1"]
[WhiteElo "1308"]
[BlackElo "1861"]
[PlyCount "54"]
[EventDate "2006.11.02"]
[EventType "swiss"]
[EventRounds "8"]
[EventCountry "CAN"]

1. Nf3 c5 2. d4 Nf6 3. Nc3 g6 4. dxc5 Bg7 5. e4 Qa5 6. e5 Ne4 7. Qd4 Nxc3 8.
Qxc3 Qxc3+ 9. bxc3 Nc6 10. Bf4 O-O 11. Bc4 d6 12. cxd6 exd6 13. Bd2 dxe5 14.
O-O Bg4 15. Ne1 Na5 16. Bd3 e4 17. h3 exd3 18. hxg4 Nc4 19. Nf3 Nxd2 20. Nxd2
Bxc3 21. Rab1 dxc2 22. Rxb7 Bxd2 23. Rb2 Rac8 24. f3 Rfd8 25. a4 c1=Q 26. Rxc1
Rxc1+ 27. Kh2 Ra1 0-1

[Event "Scarborough CC Late Fall Swiss"]
[Site "Toronto CAN"]
[Date "2006.11.23"]
[Round "4"]
[White "Zlatanov, Petar"]
[Black "Perez, Michael"]
[Result "0-1"]
[WhiteElo "1300"]
[BlackElo "1603"]
[PlyCount "60"]
[EventDate "2006.11.02"]
[EventType "swiss"]
[EventRounds "8"]
[EventCountry "CAN"]

1. e4 c5 2. Nf3 Nc6 3. Nc3 g6 4. d4 cxd4 5. Nxd4 Bg7 6. Nxc6 bxc6 7. Bc4 d6 8.
Be3 Qa5 9. Qd2 Nf6 10. Bh6 O-O 11. Bxg7 Kxg7 12. h4 h5 13. Qg5 Qb4 14. Bb3 Nxe4
15. Qf4 d5 16. f3 Qd6 17. Qxd6 Nxd6 18. O-O-O e5 19. Rhe1 f6 20. Na4 Nb7 21. c3
Be6 22. Rd2 Rfd8 23. f4 e4 24. Bc2 a5 25. a3 Bg4 26. Re3 f5 27. Nb6 Ra6 28. Na4
c5 29. c4 d4 30. Rb3 Ra7 0-1

[Event "Scarborough CC Late Fall Swiss"]
[Site "Toronto CAN"]
[Date "2006.11.30"]
[Round "5"]
[White "Bellomo, Joe"]
[Black "Deiseach, Donald"]
[Result "0-1"]
[WhiteElo "1662"]
[BlackElo "1941"]
[PlyCount "64"]
[EventDate "2006.11.02"]
[EventType "swiss"]
[EventRounds "8"]
[EventCountry "CAN"]

1. e4 e5 2. Nf3 Nc6 3. Bb5 a6 4. Ba4 Nf6 5. O-O b5 6. Bb3 Be7 7. Re1 d6 8. h3
Na5 9. d3 O-O 10. Bd2 Nxb3 11. axb3 Bd7 12. Ba5 Qc8 13. Kh2 Qb7 14. Nc3 b4 15.
Ne2 Nh5 16. g4 Nf6 17. Rg1 Rae8 18. Ng3 Kh8 19. Nf5 Bd8 20. Qd2 g6 21. Ng3 c5
22. Bxd8 Rxd8 23. Qg5 Ng8 24. Qh4 f6 25. Ne2 d5 26. Nd2 Bb5 27. exd5 Qxd5 28.
Ne4 c4 29. bxc4 Bxc4 30. N2g3 Bb5 31. g5 fxg5 32. Nxg5 Rxf2+ 0-1

[Event "Scarborough CC Late Fall Swiss"]
[Site "Toronto CAN"]
[Date "2006.11.30"]
[Round "5"]
[White "Blackman, Gord"]
[Black "Lourie, Bill"]
[Result "0-1"]
[WhiteElo "1671"]
[BlackElo "1253"]
[PlyCount "64"]
[EventDate "2006.11.02"]
[EventType "swiss"]
[EventRounds "8"]
[EventCountry "CAN"]

1. c4 e5 2. Nc3 b6 3. e4 Bb7 4. d3 Bb4 5. Nf3 Nc6 6. g3 Nge7 7. Bg2 f5 8. a3
Bd6 9. b4 O-O 10. O-O Nd4 11. Be3 Nxf3+ 12. Bxf3 f4 13. Bd2 c6 14. Bg2 Qe8 15.
b5 Rf6 16. bxc6 dxc6 17. f3 Bc5+ 18. Kh1 fxg3 19. h3 Ng6 20. Be1 Rd8 21. Ne2
Rfd6 22. Nc1 Be3 23. Bd2 Bxd2 24. Qxd2 Nf4 25. Qe1 Qg6 26. Qc3 Qe6 27. Qe1 Qg6
28. Qc3 Rd4 29. Rd1 Bc8 30. Ra2 Bxh3 31. Bxh3 Nxh3 32. Kg2 Nf4+ 0-1

[Event "Scarborough CC Late Fall Swiss"]
[Site "Toronto CAN"]
[Date "2006.11.30"]
[Round "5"]
[White "Dattani, Dinesh"]
[Black "Morra, Lui"]
[Result "0-1"]
[WhiteElo "1299"]
[BlackElo "1538"]
[PlyCount "107"]
[EventDate "2006.11.02"]
[EventType "swiss"]
[EventRounds "8"]
[EventCountry "CAN"]

1. e4 c5 2. Nf3 Nc6 3. d4 cxd4 4. Nxd4 d6 5. Be3 Nf6 6. f3 Qb6 7. b3 Qa5+ 8.
Nd2 e5 9. Nxc6 bxc6 10. Be2 Be7 11. O-O Be6 12. c4 O-O 13. f4 exf4 14. Bxf4
Rad8 15. Qc2 Qc5+ 16. Kh1 Nd7 17. Nf3 Nf6 18. h3 d5 19. e5 Ne4 20. Bd3 Bf5 21.
Rad1 Qa5 22. Nd4 Bd7 23. Bxe4 dxe4 24. Qxe4 c5 25. Nf5 Bxf5 26. Qxf5 Qxa2 27.
Rxd8 Rxd8 28. Bh6 Rf8 29. Qg4 g6 30. Bxf8 Bxf8 31. Qf3 f5 32. g4 Qb2 33. Qd5+
Kg7 34. Qd7+ Kh6 35. gxf5 Qe2 36. Qd1 Qxe5 37. Qg4 Bd6 38. Qh4+ Kg7 39. f6+ Kg8
40. Rf2 Bf8 41. Qg4 Kh8 42. Qf3 Qe6 43. Kg2 Qc8 44. Qd5 Qb8 45. Qc6 Qd8 46. Re2
Qd4 47. Qe8 Qd6 48. Qe5 Qxe5 49. Rxe5 Kg8 50. Re6 Kf7 51. Ra6 Bh6 52. Kf3 Bd2
53. Rxa7+ Kxf6 54. Rxh7 0-1

[Event "Scarborough CC Late Fall Swiss"]
[Site "Toronto CAN"]
[Date "2006.??.??"]
[Round "5"]
[White "Douglas, Steve"]
[Black "Armstrong, Robert J"]
[Result "1/2-1/2"]
[WhiteElo "1438"]
[BlackElo "1648"]
[PlyCount "54"]
[EventDate "2006.11.02"]
[EventType "swiss"]
[EventRounds "8"]
[EventCountry "CAN"]

1. e4 g6 2. Nc3 Bg7 3. Bc4 d6 4. d4 Nf6 5. Qe2 O-O 6. h3 c6 7. e5 dxe5 8. dxe5
Nd5 9. Bg5 Nxc3 10. bxc3 Qc7 11. Nf3 b5 12. Bb3 a5 13. a4 b4 14. cxb4 axb4 15.
O-O Ba6 16. Bc4 Bxc4 17. Qxc4 Bxe5 18. Nxe5 Qxe5 19. Bh6 Rd8 20. Qxb4 Rd4 21.
Qb7 Qa5 22. Qxe7 Nd7 23. Rfe1 Qd8 24. Qe3 Rd5 25. Qc3 Qf6 26. Qxf6 Nxf6 27. a5
Rdxa5 1/2-1/2

[Event "Scarborough CC Late Fall Swiss"]
[Site "Toronto CAN"]
[Date "2006.11.30"]
[Round "5"]
[White "Garel, Rick"]
[Black "Douglas, Richard"]
[Result "1-0"]
[WhiteElo "1861"]
[BlackElo "1689"]
[PlyCount "69"]
[EventDate "2006.11.02"]
[EventType "swiss"]
[EventRounds "8"]
[EventCountry "CAN"]

1. e4 Nf6 2. Nc3 d5 3. e5 Nfd7 4. Nf3 Nb6 5. d4 Nc6 6. h3 Bf5 7. Bd3 Bxd3 8.
Qxd3 e6 9. O-O Be7 10. a3 Qd7 11. Bf4 O-O 12. Bg5 h6 13. Bf4 f6 14. Bxh6 fxe5
15. Qg6 Bd8 16. Bg5 Ne7 17. Bxe7 Qxe7 18. Nxe5 Rf6 19. Qg3 c6 20. Rae1 Bc7 21.
f4 Bxe5 22. fxe5 Rff8 23. Ne2 Nc4 24. Nf4 Rae8 25. Ng6 Rxf1+ 26. Rxf1 Qd8 27.
Qf4 Nxb2 28. Qg4 Rf8 29. Qxe6+ Rf7 30. Qxf7+ Kh7 31. Rf5 Qg5 32. Nf8+ Kh6 33.
Rxg5 Kxg5 34. g3 Nc4 35. Qg6# 1-0

[Event "Scarborough CC Late Fall Swiss"]
[Site "Toronto CAN"]
[Date "2006.11.30"]
[Round "5"]
[White "Lamb, Bryan"]
[Black "Rapoport, Alexander"]
[Result "1-0"]
[WhiteElo "2117"]
[BlackElo "1917"]
[PlyCount "97"]
[EventDate "2006.11.02"]
[EventType "swiss"]
[EventRounds "8"]
[EventCountry "CAN"]

1. e4 c5 2. Nc3 Nc6 3. Nge2 e6 4. g3 a6 5. Bg2 Qc7 6. O-O b5 7. d4 cxd4 8. Nxd4
Bb7 9. Be3 Nf6 10. a3 Na5 11. Qe2 Nc4 12. Rab1 Nxe3 13. Qxe3 Bc5 14. Qd3 O-O
15. Rbe1 Rac8 16. Kh1 Ng4 17. f4 b4 18. axb4 Bxb4 19. Rb1 Qc4 20. Nce2 a5 21.
Qxc4 Rxc4 22. c3 Be7 23. Bf3 Nf6 24. e5 Ne4 25. Kg2 f5 26. Rfd1 a4 27. Nc2 Bd5
28. Ne3 Rc5 29. Nxd5 exd5 30. Rd4 Ra8 31. Ra1 Rb5 32. Ra2 a3 33. b4 Kf7 34. g4
g6 35. Bxe4 fxe4 36. Rd1 h5 37. h3 hxg4 38. hxg4 Bd8 39. Rda1 Bb6 40. Rxa3 Rc8
41. Rd1 Be3 42. c4 d4 43. cxb5 Rc2 44. Rxe3 dxe3 45. Kf1 Rd2 46. Rxd2 exd2 47.
Nc3 Ke7 48. b6 Kd8 49. f5 1-0

[Event "Scarborough CC Late Fall Swiss"]
[Site "Toronto CAN"]
[Date "2006.11.30"]
[Round "5"]
[White "Lung, Stephen"]
[Black "Graham, John"]
[Result "1-0"]
[WhiteElo "1354"]
[BlackElo "1432"]
[PlyCount "73"]
[EventDate "2006.11.02"]
[EventType "swiss"]
[EventRounds "8"]
[EventCountry "CAN"]

1. e4 e5 2. Nf3 Nc6 3. Bc4 Bc5 4. c3 Nf6 5. d4 exd4 6. cxd4 Bb4+ 7. Bd2 Nxe4 8.
Bxb4 Nxb4 9. Bxf7+ Kxf7 10. Qb3+ d5 11. Qxb4 Re8 12. O-O c6 13. Re1 a5 14. Qb3
b5 15. Ne5+ Rxe5 16. dxe5 Qb6 17. Rxe4 a4 18. Qf3+ Kg8 19. Re1 Be6 20. Nd2 Rf8
21. Qg3 Qd4 22. Qe3 Qxb2 23. Nf3 d4 24. Qxd4 Qc2 25. Rec1 Qg6 26. Rxc6 Rxf3 27.
Rxe6 Qxe6 28. gxf3 Qg6+ 29. Qg4 Qe8 30. e6 Qe7 31. Rc1 g6 32. Rc8+ Kg7 33. Qd4+
Kh6 34. Qe3+ Kg7 35. Qe5+ Kh6 36. Qf4+ g5 37. Qf7 1-0

[Event "Scarborough CC Late Fall Swiss"]
[Site "Toronto CAN"]
[Date "2006.11.30"]
[Round "5"]
[White "Mesiti, Silvano"]
[Black "Hall, John"]
[Result "0-1"]
[WhiteElo "1633"]
[BlackElo "2029"]
[PlyCount "32"]
[EventDate "2006.11.02"]
[EventType "swiss"]
[EventRounds "8"]
[EventCountry "CAN"]

1. e4 e5 2. Nf3 Nc6 3. d4 exd4 4. Nxd4 Nf6 5. Nxc6 bxc6 6. Bd3 d5 7. O-O Be7 8.
exd5 cxd5 9. Nc3 O-O 10. Bf4 c6 11. Qf3 Re8 12. Rfe1 Be6 13. b3 Bb4 14. Na4
Bxe1 15. Rxe1 Qa5 16. Rd1 Bg4 0-1

[Event "Scarborough CC Late Fall Swiss"]
[Site "Toronto CAN"]
[Date "2006.11.30"]
[Round "5"]
[White "Moran, Mario"]
[Black "Sherman, Josh"]
[Result "1/2-1/2"]
[WhiteElo "1590"]
[BlackElo "1691"]
[PlyCount "55"]
[EventDate "2006.11.02"]
[EventType "swiss"]
[EventRounds "8"]
[EventCountry "CAN"]

1. f4 e5 2. fxe5 d6 3. exd6 Bxd6 4. Nf3 Nf6 5. g3 Nc6 6. Bg2 Bg4 7. O-O Qd7 8.
d4 O-O-O 9. c3 Rhe8 10. Bg5 h6 11. Bxf6 gxf6 12. Nbd2 h5 13. Rf2 Ne5 14. dxe5
Bc5 15. Nd4 fxe5 16. Ne4 Bb6 17. Nf6 Qe7 18. Nxe8 Qxe8 19. Bf3 exd4 20. Bxg4+
hxg4 21. cxd4 Bxd4 22. e3 Bxe3 23. Qxg4+ Kb8 24. Re1 Bxf2+ 25. Kxf2 Qb5 26. Qe2
Qf5+ 27. Kg1 Qc5+ 28. Qf2 1/2-1/2

[Event "Scarborough CC Late Fall Swiss"]
[Site "Toronto CAN"]
[Date "2006.11.30"]
[Round "5"]
[White "Perez, Michael"]
[Black "Gillis, Doug"]
[Result "1-0"]
[WhiteElo "1603"]
[BlackElo "1418"]
[PlyCount "87"]
[EventDate "2006.11.02"]
[EventType "swiss"]
[EventRounds "8"]
[EventCountry "CAN"]

1. d4 e6 2. e4 d5 3. e5 c5 4. c3 Qb6 5. Nf3 Bd7 6. Bd3 Bb5 7. O-O Nc6 8. Bxb5
Qxb5 9. Na3 Qb6 10. b3 cxd4 11. cxd4 Nge7 12. Bb2 Rc8 13. Rc1 g6 14. Nc2 Bh6
15. Ne3 O-O 16. a3 Na5 17. Rxc8 Rxc8 18. Nd2 Bxe3 19. fxe3 Nf5 20. Rf3 Qc7 21.
e4 dxe4 22. Rc3 Qd8 23. Rxc8 Qxc8 24. Nxe4 Qc6 25. Nf6+ Kg7 26. d5 Qc5+ 27. Kh1
Qf2 28. Bc3 Ne3 29. Qg1 Qxg1+ 30. Kxg1 Nxb3 31. d6 Nc5 32. Bd4 Nd7 33. Nxd7 Nd5
34. Bxa7 b5 35. Nb6 Kf8 36. Nxd5 exd5 37. Kf2 Ke8 38. Ke3 Kd7 39. Kf4 h6 40. h4
f5 41. exf6 Kxd6 42. h5 gxh5 43. Kf5 Kd7 44. Kg6 1-0

[Event "Scarborough CC Late Fall Swiss"]
[Site "Toronto CAN"]
[Date "2006.11.30"]
[Round "5"]
[White "Xia, Linda"]
[Black "Karpik, Steve"]
[Result "0-1"]
[WhiteElo "1200"]
[BlackElo "1488"]
[PlyCount "82"]
[EventDate "2006.11.02"]
[EventType "swiss"]
[EventRounds "8"]
[EventCountry "CAN"]

1. e4 d6 2. d4 Nf6 3. Nc3 g6 4. Nf3 Bg7 5. Be3 O-O 6. Bd3 Nbd7 7. O-O e5 8. d5
a6 9. a4 Nb6 10. Ne2 Bd7 11. c4 Qe8 12. b3 Ng4 13. Bd2 f5 14. h3 fxe4 15. Bxe4
Nf6 16. Ng3 Nxe4 17. Nxe4 Bf5 18. Neg5 e4 19. Nh4 Bxa1 20. Qxa1 Nd7 21. Nxf5
Rxf5 22. Ne6 Qf7 23. Qd4 Ne5 24. Qxe4 Re8 25. Qd4 Rf3 26. Kh1 c5 27. Qe4 Rxf2
28. Rxf2 Qxf2 29. Ba5 Qg3 30. Bc7 Nd3 31. Qe2 Nf2+ 32. Kg1 Nxh3+ 33. Kf1 Nf4
34. Qe4 Nxe6 35. dxe6 Rf8+ 36. Kg1 Qf2+ 37. Kh1 Rf4 38. Qd3 Rh4+ 39. Qh3 Qe1+
40. Kh2 Rxh3+ 41. Kxh3 Qxe6+ 0-1

[Event "Scarborough CC Late Fall Swiss"]
[Site "Toronto CAN"]
[Date "2006.??.??"]
[Round "6"]
[White "Armstrong, Robert J"]
[Black "Perez, Michael"]
[Result "1-0"]
[WhiteElo "1875"]
[BlackElo "1653"]
[PlyCount "43"]
[EventDate "2006.11.02"]
[EventType "swiss"]
[EventRounds "8"]
[EventCountry "CAN"]

1. d4 d5 2. c4 e6 3. Nf3 Nf6 4. e3 c6 5. Bd3 Nbd7 6. O-O Bd6 7. Nc3 e5 8. dxe5
Nxe5 9. cxd5 Nxd3 10. Qxd3 cxd5 11. Rd1 Be6 12. b3 O-O 13. Nb5 Ne4 14. Nxd6
Qxd6 15. Bb2 f6 16. Qxe4 Rae8 17. Qh4 g5 18. Qh6 Qe7 19. Rac1 Rf7 20. h4 Rg7
21. Bxf6 Rg6 22. Qxg6+ 1-0

[Event "Scarborough CC Late Fall Swiss"]
[Site "Toronto CAN"]
[Date "2006.12.07"]
[Round "6"]
[White "Deiseach, Donald"]
[Black "Garel, Rick"]
[Result "0-1"]
[WhiteElo "2014"]
[BlackElo "1921"]
[PlyCount "151"]
[EventDate "2006.11.02"]
[EventType "swiss"]
[EventRounds "8"]
[EventCountry "CAN"]

1. e4 e6 2. d4 d5 3. Nc3 Bb4 4. e5 c5 5. a3 Bxc3+ 6. bxc3 Ne7 7. Nf3 Nbc6 8.
Be2 Bd7 9. O-O Qc7 10. a4 c4 11. Ba3 f6 12. Bd6 Qa5 13. Rb1 O-O-O 14. Qd2 Nf5
15. Bb4 Nxb4 16. cxb4 Qc7 17. b5 Rdf8 18. Qb4 fxe5 19. dxe5 h6 20. a5 Qd8 21.
g4 Nh4 22. Nd4 Rf4 23. Qc5+ Qc7 24. Qxa7 Qb8 25. Qb6 Qc7 26. Qa7 Qb8 27. Qxb8+
Kxb8 28. c3 Ng6 29. Nf3 Rxg4+ 30. Kh1 Nf4 31. Bd1 Nd3 32. Ne1 Rf4 33. Nxd3 cxd3
34. Kg2 Rc8 35. Kg3 g5 36. h4 Rxh4 37. f4 Rf8 38. Rf3 Rhxf4 39. Rxd3 Be8 40.
Re3 h5 41. Be2 h4+ 42. Kh3 Bg6 43. Rg1 Bf5+ 44. Kh2 Rf2+ 45. Rg2 Be4 46. Rxf2
Rxf2+ 47. Kg1 Rg2+ 48. Kf1 Rh2 49. Bg4 Rc2 50. Bxe6 Kc7 51. Bg4 Kd8 52. Be2 Ke7
53. c4 Ke6 54. a6 b6 55. Ra3 dxc4 56. a7 Kxe5 57. a8=Q Bxa8 58. Rxa8 Kd4 59.
Kf2 Kc5 60. Rg8 Kxb5 61. Rxg5+ Kb4 62. Rh5 b5 63. Rxh4 Kb3 64. Ke1 Kb2 65. Rd4
Kc3 66. Rh4 Rc1+ 67. Kf2 Rc2 68. Ke3 Kb2 69. Re4 Ka3 70. Kd4 Kb4 71. Ke3 Kc3
72. Rh4 Rb2 73. Rg4 Kb4 74. Rf4 Ka3 75. Rf8 c3 76. Rc8 0-1

[Event "Scarborough CC Late Fall Swiss"]
[Site "Toronto CAN"]
[Date "2006.12.07"]
[Round "6"]
[White "Farrant, David"]
[Black "Dattani, Dinesh"]
[Result "1-0"]
[WhiteElo "1538"]
[BlackElo "1347"]
[PlyCount "37"]
[EventDate "2006.11.02"]
[EventType "swiss"]
[EventRounds "8"]
[EventCountry "CAN"]

1. e4 e5 2. Nf3 Nc6 3. Bb5 a6 4. Ba4 Nf6 5. O-O b5 6. Bb3 d5 7. exd5 Nxd5 8.
Re1 Qf6 9. Bxd5 Bd7 10. Nxe5 Be7 11. Qe2 Nxe5 12. Bxa8 Ng4 13. Nc3 O-O 14. Bf3
Re8 15. Bxg4 Bxg4 16. Qxg4 h5 17. Qd7 Qxf2+ 18. Kxf2 Bc5+ 19. d4 1-0

[Event "Scarborough CC Late Fall Swiss"]
[Site "Toronto CAN"]
[Date "2006.12.07"]
[Round "6"]
[White "Graham, John"]
[Black "Zlatanov, Petar"]
[Result "0-1"]
[WhiteElo "1513"]
[BlackElo "1334"]
[PlyCount "96"]
[EventDate "2006.11.02"]
[EventType "swiss"]
[EventRounds "8"]
[EventCountry "CAN"]

1. e4 c5 2. c3 d6 3. Nf3 Nc6 4. d4 cxd4 5. Nxd4 Nf6 6. Nxc6 bxc6 7. Bd3 g6 8.
O-O Bg7 9. h3 O-O 10. Nd2 e5 11. Nf3 d5 12. Nxe5 dxe4 13. Bc4 Qc7 14. f4 exf3
15. Nxf3 Qg3 16. Bg5 Bxh3 17. Qe2 Rae8 18. Qf2 Qxf2+ 19. Rxf2 Be6 20. Bb3 Ne4
21. Re2 Nc5 22. Nd4 Bxd4+ 23. cxd4 Bxb3 24. Rxe8 Rxe8 25. dxc5 Bd5 26. Kf2 Kg7
27. Bf4 f5 28. a3 Re4 29. g3 a5 30. Rd1 h5 31. Bg5 Rc4 32. b4 axb4 33. axb4
Rxb4 34. Rxd5 cxd5 35. Be7 Rc4 36. Bd6 Kf7 37. Ke3 Ke6 38. Kd3 g5 39. Ke3 Rc3+
40. Kd4 Rc4+ 41. Ke3 Kd7 42. Kd3 Kc6 43. Be7 Rg4 44. Bd6 f4 45. gxf4 Rxf4 46.
Bxf4 gxf4 47. Ke2 Kxc5 48. Kf3 Kc4 0-1

[Event "Scarborough CC Late Fall Swiss"]
[Site "Toronto CAN"]
[Date "2006.12.07"]
[Round "6"]
[White "Hall, John"]
[Black "Lamb, Bryan"]
[Result "0-1"]
[WhiteElo "2057"]
[BlackElo "2169"]
[PlyCount "104"]
[EventDate "2006.11.02"]
[EventType "swiss"]
[EventRounds "8"]
[EventCountry "CAN"]

1. d4 Nf6 2. c4 e6 3. Nc3 Bb4 4. Nf3 b6 5. Bg5 Bb7 6. e3 h6 7. Bh4 Na6 8. Nd2
O-O 9. e4 g5 10. Bg3 Bxe4 11. h4 Bg6 12. hxg5 hxg5 13. Qf3 d6 14. c5 bxc5 15.
Bxa6 cxd4 16. Bb7 dxc3 17. bxc3 g4 18. Qc6 Bc5 19. Bxa8 Qxa8 20. Qxa8 Rxa8 21.
Bh4 Nh5 22. Nb3 Bb6 23. Kd2 Kg7 24. f3 g3 25. Bg5 f5 26. Rh4 e5 27. Rah1 f4 28.
Rg4 Rh8 29. Be7 Kf7 30. Rhh4 a5 31. Ke2 Rc8 32. Bg5 Be3 33. Nd2 Rb8 34. Nc4 Bc5
35. a4 Rb1 36. Bh6 Rg1 37. Rg5 Rxg2+ 38. Kd1 Rh2 39. Rhg4 Bc2+ 40. Kc1 Bd3 41.
Nd2 Be3 42. Kb2 Rxd2+ 43. Kb3 Bc2+ 44. Kc4 c6 45. Rxf4+ Nxf4 46. Rg7+ Kf6 47.
Rd7 d5+ 48. Rxd5 Rxd5 49. Bg7+ Kg6 50. Bf8 Nd3 51. Ba3 Nc5 52. Bxc5 Rxc5# 0-1